000 00629nam a22002177a 4500
003 UA-OsUOA
001 46299
007 ta
008 20070613b un ||||| |||| 00| 0 ukr d
100 _aЦвілюк С.
090 _a82
_bЦ-12
942 _cSA
040 _aUA-OsUOA
_bukr
_cUA-OsUOA
_dUA-OsUOA
245 _aПро святині справжні й уявні. "Новий Пушкін" і його "Поема про Мазепу"
300 _aС.7
955 _a0
041 _aukr
080 _a82
773 0 _w46297
650 7 _a82 Література. Літературознавство
_2UDC
999 _c332388
_d332388